|
|
|
|
| LEADER |
00802cam a2200241 7i4500 |
| 001 |
0000035576 |
| 005 |
20210107090000.0 |
| 008 |
110316 eng |
| 020 |
|
|
|a 9781405150446 (pbk.)
|
| 040 |
|
|
|a DLC
|
| 090 |
0 |
0 |
|a QP101
|b .A27 2007
|
| 100 |
1 |
|
|a Aaronson, Philip I
|
| 245 |
1 |
4 |
|a The cardiovascular system at a glance
|c Philip I. Aaronson, Jeremy P.T. Ward.
|
| 250 |
|
|
|a 3rd ed.
|
| 260 |
|
|
|a Malden, Mass:
|b Blackwell,
|c 2007.
|
| 300 |
|
|
|a 133 p.:
|b col. ill.;
|c 28 cm.
|
| 490 |
0 |
|
|a The at a glance series
|
| 500 |
|
|
|a Includes index
|
| 650 |
0 |
0 |
|a Cardiovascular system --
|x Physiology
|
| 650 |
0 |
0 |
|a Cardiovascular system --
|x Pathophysiology
|
| 700 |
1 |
|
|a Ward, Jeremy P. T
|
| 997 |
|
|
|a Health Sciences, Faculty
|
| 999 |
|
|
|a 0000043705
|b BOK
|c OPEN SHELF
|e 1st Floor, Shah Alam
|